| 000 | 00502nam a2200181Ia 4500 | ||
|---|---|---|---|
| 005 | 20250508151927.0 | ||
| 008 | 008 250505s9999 xx 000 0 eng d | ||
| 037 | _aTextual | ||
| 040 |
_aFEDL _beng _cFEDL |
||
| 041 |
_aeng _2eng |
||
| 084 |
_a954.02, TRI _qFEDL |
||
| 100 | _aTripathi R P | ||
| 245 | 0 | _aRise and fall of the Mughal Empire | |
| 260 |
_aAllahabad, India _bCentral Book Depot _c1956 |
||
| 300 | _aix,527p | ||
| 942 |
_cTEXL _h954.02, TRI |
||
| 999 |
_c1333017 _d1333017 |
||